[Event "CZE-chT2B 1920"]
[Site "Czech Republic"]
[Date "2020.02.23"]
[Round "9.7"]
[White "Chochol, Libor"]
[Black "Trejbal, Stanislav"]
[Result "1/2-1/2"]
[WhiteElo "2127"]
[BlackElo "2130"]
[PlyCount "38"]
[EventDate "2019.10.13"]
[EventType "team-tourn"]
[EventRounds "11"]
[EventCountry "CZE"]
[SourceTitle "EXT 2024"]
[Source "ChessBase"]
[SourceDate "2023.10.10"]
[SourceVersion "1"]
[SourceVersionDate "2023.10.10"]
[SourceQuality "1"]
[WhiteTeam "Usti nad Labem"]
[BlackTeam "Litomerice"]
[WhiteTeamCountry "CZE"]
[BlackTeamCountry "CZE"]

1. d4 Nf6 2. c4 e6 3. Nf3 b6 4. Nc3 Bb4 5. Qc2 Bb7 6. Bd2 Bxc3 7. Bxc3 Ne4 8. e3 d6 9. b4 Nxc3 10. Qxc3 a5 11. b5 Nd7 12. Bd3 Qe7 13. Qc2 h6 14. 0-0 0-0 15. Bh7+ Kh8 16. Be4 Bxe4 17. Qxe4 Rfe8 18. Rac1 Rac8 19. Rfd1 e5 1/2-1/2

[Event "CZE-chT2B 1718"]
[Site "Czech Republic"]
[Date "2018.01.28"]
[Round "7.4"]
[White "Vales, Vaclav"]
[Black "Chochol, Libor"]
[Result "1/2-1/2"]
[WhiteElo "2119"]
[BlackElo "2141"]
[PlyCount "94"]
[EventDate "2017.10.15"]
[EventType "team-tourn"]
[EventRounds "11"]
[EventCountry "CZE"]
[SourceTitle "EXT 2022"]
[Source "ChessBase"]
[SourceDate "2021.10.06"]
[SourceVersion "1"]
[SourceVersionDate "2021.10.06"]
[SourceQuality "1"]
[WhiteTeam "Decin"]
[BlackTeam "Usti nad Labem"]
[WhiteTeamCountry "CZE"]
[BlackTeamCountry "CZE"]

1. d4 Nf6 2. Nf3 e6 3. c4 b6 4. a3 Bb7 5. Nc3 Be7 6. d5 exd5 7. cxd5 0-0 8. e4 d6 9. Bd3 Nfd7 10. 0-0 Nc5 11. Bc2 a5 12. Rb1 Bf6 13. Nd4 Ba6 14. Re1 Nd3 15. Bxd3 Bxd4 16. Nb5 Qf6 17. Be3 Bxe3 18. Rxe3 c6 19. dxc6 Nxc6 20. Nc7 Bxd3 21. Rxd3 Rac8 22. Nd5 Qe6 23. Nxb6 Rb8 24. Rxd6 Qxe4 25. Nd5 Rfd8 26. Rxc6 Rxd5 27. Qc1 h6 28. Rc4 Qf5 29. Qc2 Qd7 30. Rc7 Qe6 31. Rc1 Qe5 32. g3 Rdb5 33. Rc8+ Rxc8 34. Qxc8+ Kh7 35. Qc2+ g6 36. Qc4 Kg7 37. b3 Rd5 38. b4 axb4 39. axb4 Rd4 40. Qc5 Rd5 41. Qc3 Rd1+ 42. Kg2 Qxc3 43. Rxc3 Rb1 44. Rc4 Rb3 45. h4 h5 46. Rf4 f6 47. Kf1 Rb2 1/2-1/2

[Event "CZE-chT2B 1415"]
[Site "Czech Republic"]
[Date "2015.02.08"]
[Round "7.2"]
[White "Chochol, Libor"]
[Black "Mohyla, Ales"]
[Result "1-0"]
[WhiteElo "2150"]
[BlackElo "2008"]
[PlyCount "113"]
[EventDate "2014.11.02"]
[EventType "team-tourn"]
[EventRounds "11"]
[EventCountry "CZE"]
[SourceTitle "EXT 2022"]
[Source "ChessBase"]
[SourceDate "2021.10.06"]
[SourceVersion "1"]
[SourceVersionDate "2021.10.06"]
[SourceQuality "1"]
[WhiteTeam "Usti nad Labem"]
[BlackTeam "Liberec Lokomotiva"]
[WhiteTeamCountry "CZE"]
[BlackTeamCountry "CZE"]

1. d4 d5 2. c4 e6 3. Nc3 f5 4. Nf3 Nf6 5. Bf4 c6 6. e3 Bd6 7. Bxd6 Qxd6 8. Qc2 0-0 9. Ne5 Nbd7 10. f4 Ne4 11. Nxe4 fxe4 12. Ng4 Nf6 13. Ne5 Bd7 14. g4 Be8 15. h4 Nd7 16. c5 Qc7 17. Nxd7 Qxd7 18. Be2 b6 19. h5 bxc5 20. Qxc5 Rb8 21. b4 Qc7 22. Rc1 Qd8 23. g5 Qb6 24. a3 Qxc5 25. Rxc5 Bd7 26. Kd2 g6 27. Ra5 Rb7 28. Ba6 Rb6 29. Be2 Rb7 30. Rc1 Rfb8 31. h6 Kf8 32. Bd1 Ke7 33. Ba4 Rc8 34. Ra6 Rbc7 35. Rc5 Kd8 36. Rca5 Ra8 37. Rc5 Rac8 38. Rc1 Be8 39. Ra5 Bd7 40. Rac5 Be8 41. Bd1 Rb8 42. Be2 Rcb7 43. Kc3 Rb6 44. Rb1 Bd7 45. a4 R6b7 46. a5 Rc7 47. Rb2 Bc8 48. b5 cxb5 49. Rxc7 Kxc7 50. Rxb5 Rxb5 51. Bxb5 Bd7 52. Be2 Bc8 53. Bh5 e5 54. Bxg6 exf4 55. exf4 Kd6 56. Bxh7 Ke7 57. f5 1-0

[Event "CZE-chT2B 1415"]
[Site "Czech Republic"]
[Date "2015.01.11"]
[Round "5.2"]
[White "Chochol, Libor"]
[Black "Vagner, Tomas"]
[Result "1-0"]
[WhiteElo "2150"]
[BlackElo "2271"]
[PlyCount "73"]
[EventDate "2014.11.02"]
[EventType "team-tourn"]
[EventRounds "11"]
[EventCountry "CZE"]
[SourceTitle "EXT 2022"]
[Source "ChessBase"]
[SourceDate "2021.10.06"]
[SourceVersion "1"]
[SourceVersionDate "2021.10.06"]
[SourceQuality "1"]
[WhiteTeam "Usti nad Labem"]
[BlackTeam "Most Chess"]
[WhiteTeamCountry "CZE"]
[BlackTeamCountry "CZE"]

1. d4 g6 2. c4 Bg7 3. Nc3 d6 4. e4 Nf6 5. Nf3 0-0 6. Be2 e6 7. 0-0 h6 8. Ne1 c5 9. Be3 cxd4 10. Bxd4 Nc6 11. Be3 e5 12. Nc2 Be6 13. f3 Nh5 14. Qd2 Nf4 15. Rfd1 Qa5 16. Bf1 Rad8 17. Nb5 a6 18. Qxa5 Nxa5 19. Nxd6 Rd7 20. Rd2 g5 21. Rad1 g4 22. b4 Rxd6 23. Rxd6 Nxc4 24. Rd8 gxf3 25. gxf3 Bf6 26. Rxf8+ Kxf8 27. Bc1 Be7 28. a3 a5 29. Nd4 exd4 30. Bxf4 axb4 31. axb4 Bxb4 32. Bxc4 Bxc4 33. Rxd4 b5 34. Bd6+ Bxd6 35. Rxd6 h5 36. Kf2 Ke7 37. e5 1-0

[Event "CZE-chT2B 1314"]
[Site "Czech Republic"]
[Date "2014.03.02"]
[Round "9.5"]
[White "Friml, Antonin"]
[Black "Chochol, Libor"]
[Result "1-0"]
[WhiteElo "2093"]
[BlackElo "2177"]
[PlyCount "63"]
[EventDate "2013.11.03"]
[EventType "team-tourn"]
[EventRounds "11"]
[EventCountry "CZE"]
[SourceTitle "EXT 2015"]
[Source "ChessBase"]
[SourceDate "2014.11.20"]
[SourceVersion "1"]
[SourceVersionDate "2014.11.20"]
[SourceQuality "1"]
[WhiteTeam "Litvinov Lom"]
[BlackTeam "Usti nad Labem"]
[WhiteTeamCountry "CZE"]
[BlackTeamCountry "CZE"]

1. e4 c5 2. Nf3 e6 3. d4 cxd4 4. Nxd4 Qb6 5. Nb3 Nc6 6. Be3 Qc7 7. Nc3 Nf6 8. f3 Be7 9. Qd2 g6 10. g4 0-0 11. g5 Ne8 12. f4 d6 13. Bd3 b5 14. Rg1 b4 15. Na4 Rb8 16. Qf2 Bd8 17. Qh4 a6 18. 0-0-0 Ng7 19. Qh6 e5 20. Be2 f6 21. gxf6 Bxf6 22. f5 gxf5 23. Bc4+ Kh8 24. Rg6 f4 25. Rxf6 Bg4 26. Rxf8+ Rxf8 27. Bb6 Qc8 28. Rxd6 Ne7 29. Nd2 f3 30. Qh4 Nef5 31. exf5 Nxf5 32. Qg5 1-0

[Event "CZE-chT2B 1314"]
[Site "Czech Republic"]
[Date "2013.11.17"]
[Round "2.5"]
[White "Ksana, Vaclav"]
[Black "Chochol, Libor"]
[Result "1-0"]
[WhiteElo "2101"]
[BlackElo "2177"]
[PlyCount "73"]
[EventDate "2013.11.03"]
[EventType "team-tourn"]
[EventRounds "11"]
[EventCountry "CZE"]
[SourceTitle "EXT 2015"]
[Source "ChessBase"]
[SourceDate "2014.11.20"]
[SourceVersion "1"]
[SourceVersionDate "2014.11.20"]
[SourceQuality "1"]
[WhiteTeam "Most Chess"]
[BlackTeam "Usti nad Labem"]
[WhiteTeamCountry "CZE"]
[BlackTeamCountry "CZE"]

1. e4 c5 2. f4 Nf6 3. Nc3 d6 4. Nf3 e6 5. Bb5+ Nfd7 6. 0-0 a6 7. Be2 Be7 8. Qe1 Nc6 9. d3 0-0 10. Bd2 b5 11. Qg3 b4 12. Nd1 f5 13. c3 Bb7 14. Ng5 Rf6 15. exf5 exf5 16. Bf3 Nb6 17. Re1 Qd7 18. Ne3 d5 19. c4 Nd4 20. Bd1 dxc4 21. dxc4 Bd6 22. b3 Rd8 23. Nc2 Nxc2 24. Bxc2 Rg6 25. Qh3 Rxg5 26. fxg5 g6 27. Rad1 Qc7 28. Bc1 Nd7 29. Bb2 Nf8 30. Re2 Be7 31. Qe3 Rxd1+ 32. Bxd1 Be4 33. Bc2 Ne6 34. Bxe4 Bxg5 35. Qd3 fxe4 36. Qxe4 Nf8 37. Qd5+ 1-0

[Event "CZE-chT2B 1314"]
[Site "Czech Republic"]
[Date "2013.11.03"]
[Round "1.6"]
[White "Korsa, Jindrich"]
[Black "Chochol, Libor"]
[Result "1/2-1/2"]
[WhiteElo "2163"]
[BlackElo "2177"]
[PlyCount "143"]
[EventDate "2013.11.03"]
[EventType "team-tourn"]
[EventRounds "11"]
[EventCountry "CZE"]
[SourceTitle "EXT 2015"]
[Source "ChessBase"]
[SourceDate "2014.11.20"]
[SourceVersion "1"]
[SourceVersionDate "2014.11.20"]
[SourceQuality "1"]
[WhiteTeam "Praha Bohemians II"]
[BlackTeam "Usti nad Labem"]
[WhiteTeamCountry "CZE"]
[BlackTeamCountry "CZE"]

1. e4 c5 2. Nc3 Nc6 3. g4 e6 4. d3 d5 5. Bg2 d4 6. Nce2 e5 7. Ng3 g6 8. h3 Be6 9. N1e2 f6 10. f4 Bh6 11. f5 Bxc1 12. Qxc1 Bf7 13. h4 Qa5+ 14. Kf2 c4 15. a3 Qb5 16. g5 Nce7 17. h5 gxf5 18. exf5 Bd5 19. Ne4 Qd7 20. N2g3 Bxe4 21. Bxe4 h6 22. g6 Rc8 23. Qd2 c3 24. bxc3 Rxc3 25. Rhb1 b6 26. Rb3 Rc7 27. a4 Kf8 28. a5 b5 29. a6 Nc8 30. Rb2 Nge7 31. Qb4 Nd6 32. Kg2 Kg7 33. Rf1 Nc6 34. Qb3 Re8 35. Bd5 Nb8 36. Qa2 Qc8 37. Be6 Qxa6 38. Kf3 Qxa2 39. Rxa2 Nc6 40. Ra6 Nc8 41. Rxc6 Rxc6 42. Bd7 e4+ 43. Nxe4 Rxe4 44. Kxe4 Rxc2 45. Ra1 Rc7 46. Bxc8 Rxc8 47. Rxa7+ Kg8 48. Rf7 Rc6 49. Kd5 Rb6 50. Kc5 Rb8 51. Kb4 Rb6 52. Rd7 Ra6 53. Kxb5 Ra1 54. Kc6 Rf1 55. Rd5 Rf3 56. Rxd4 Rxf5 57. Rd5 Rf1 58. d4 Rc1+ 59. Kd6 Kg7 60. Rc5 Re1 61. Rc7+ Kg8 62. Re7 Ra1 63. Ke6 Ra6+ 64. Kf5 Rd6 65. Re4 Kg7 66. Re7+ Kg8 67. Rh7 Rxd4 68. Kxf6 Rd5 69. Rxh6 Rd7 70. g7 Rd6+ 71. Kg5 Rd5+ 72. Kf4 1/2-1/2

[Event "CZE-chT2B 1213"]
[Site "Czech Republic"]
[Date "2013.03.24"]
[Round "11.4"]
[White "Safarik, Jakub"]
[Black "Chochol, Libor"]
[Result "1-0"]
[WhiteElo "2052"]
[BlackElo "2178"]
[PlyCount "105"]
[EventDate "2012.10.14"]
[EventType "team-tourn"]
[EventRounds "11"]
[EventCountry "CZE"]
[SourceTitle "EXT 2015"]
[Source "ChessBase"]
[SourceDate "2014.11.20"]
[SourceVersion "1"]
[SourceVersionDate "2014.11.20"]
[SourceQuality "1"]
[WhiteTeam "Horice"]
[BlackTeam "Usti nad Labem"]
[WhiteTeamCountry "CZE"]
[BlackTeamCountry "CZE"]

1. Nf3 c5 2. c4 Nc6 3. d4 cxd4 4. Nxd4 Nf6 5. g3 d6 6. Bg2 Bd7 7. 0-0 g6 8. Nc3 Bg7 9. h3 0-0 10. Be3 Qc8 11. Nxc6 bxc6 12. Kh2 Qa6 13. c5 d5 14. Bd4 Rab8 15. e4 e6 16. a3 Qc4 17. e5 Ne8 18. b4 Qa6 19. Re1 Qc8 20. Qa4 Qc7 21. Rab1 Bh6 22. f4 g5 23. fxg5 Bxg5 24. Qd1 f5 25. Ne2 Ng7 26. Nf4 Be8 27. Bf3 Qe7 28. Bf2 Qf7 29. Rg1 Bd8 30. a4 a5 31. Qe2 axb4 32. h4 Qe7 33. h5 h6 34. Kg2 b3 35. Rh1 Rb4 36. Qd2 Rxa4 37. Rxb3 Qg5 38. Be3 d4 39. Bxd4 Ba5 40. Qf2 Qd8 41. Be3 Bc7 42. Nd3 f4 43. Bxf4 Nf5 44. Nc1 Kg7 45. Rd3 Qb8 46. Bd1 Rb4 47. Re1 Rf7 48. Bb3 Bd7 49. Rxd7 Rxd7 50. Bxe6 Rdd4 51. Bxf5 Qf8 52. Be4 Qd8 53. Bxh6+ 1-0

[Event "CZE-chT2B 1213"]
[Site "Czech Republic"]
[Date "2013.02.17"]
[Round "9.5"]
[White "Chochol, Libor"]
[Black "Novacek, Jan"]
[Result "1-0"]
[WhiteElo "2178"]
[BlackElo "2124"]
[PlyCount "93"]
[EventDate "2012.10.14"]
[EventType "team-tourn"]
[EventRounds "11"]
[EventCountry "CZE"]
[SourceTitle "EXT 2015"]
[Source "ChessBase"]
[SourceDate "2014.11.20"]
[SourceVersion "1"]
[SourceVersionDate "2014.11.20"]
[SourceQuality "1"]
[WhiteTeam "Usti nad Labem"]
[BlackTeam "Postovni sporitelna II"]
[WhiteTeamCountry "CZE"]
[BlackTeamCountry "CZE"]

1. d4 d5 2. Nf3 Bg4 3. c4 Bxf3 4. gxf3 c6 5. Nc3 e6 6. e3 Nd7 7. cxd5 exd5 8. Bd3 g6 9. Bd2 Bg7 10. Rc1 Ne7 11. Ne2 0-0 12. b4 a6 13. 0-0 f5 14. Nf4 Rf7 15. Ne6 Qc8 16. e4 Nb6 17. Ng5 Rf8 18. e5 h6 19. Nh3 g5 20. Kh1 f4 21. Ng1 Qe6 22. a4 Nd7 23. Re1 b5 24. Bf1 Nb6 25. Bh3 Nf5 26. a5 Nc4 27. Bc3 Ra7 28. Qd3 h5 29. Ne2 Bh6 30. Rg1 Rg7 31. Rce1 Kh8 32. Nc1 Qg6 33. Qe2 Nh4 34. Nd3 g4 35. fxg4 f3 36. Qd1 Ne3 37. Rxe3 Bxe3 38. Rg3 Qe4 39. Nc5 Qf4 40. Ne6 Qe4 41. Nxg7 Bxf2 42. Nxh5 Qe2 43. Qd2 Qxd2 44. Bxd2 Bxd4 45. Bg5 Bxe5 46. Bxh4 c5 47. Be7 1-0

[Event "CZE-chT2B 1213"]
[Site "Czech Republic"]
[Date "2013.01.20"]
[Round "7.4"]
[White "Jarrah, Kamal"]
[Black "Chochol, Libor"]
[Result "1/2-1/2"]
[WhiteElo "2053"]
[BlackElo "2178"]
[PlyCount "87"]
[EventDate "2012.10.14"]
[EventType "team-tourn"]
[EventRounds "11"]
[EventCountry "CZE"]
[SourceTitle "EXT 2015"]
[Source "ChessBase"]
[SourceDate "2014.11.20"]
[SourceVersion "1"]
[SourceVersionDate "2014.11.20"]
[SourceQuality "1"]
[WhiteTeam "Kralupy nad Vltavou"]
[BlackTeam "Usti nad Labem"]
[WhiteTeamCountry "CZE"]
[BlackTeamCountry "CZE"]

1. e4 c5 2. Nc3 d6 3. g3 Nf6 4. Bg2 Nc6 5. Nge2 e6 6. d4 cxd4 7. Nxd4 Bd7 8. 0-0 Be7 9. Bg5 a6 10. Qd2 h6 11. Be3 Ng4 12. Nxc6 bxc6 13. f4 Nxe3 14. Qxe3 Qa5 15. a3 Bf6 16. b4 Qc7 17. Rad1 0-0 18. e5 dxe5 19. fxe5 Be7 20. Ne4 a5 21. Nf6+ Bxf6 22. exf6 Qa7 23. Qxa7 Rxa7 24. fxg7 Rc8 25. bxa5 Be8 26. Rf3 c5 27. Rfd3 Kxg7 28. Rd8 Rxd8 29. Rxd8 Bb5 30. Ra8 Rd7 31. Bf3 Rd4 32. Rb8 Bc4 33. Bb7 Rd1+ 34. Kf2 Rf1+ 35. Ke3 Ra1 36. a6 Rxa3+ 37. Kd2 Ra2 38. Rc8 Bxa6 39. Bxa6 Rxa6 40. Rxc5 Kf6 41. Rh5 Kg6 42. Rh4 Rd6+ 43. Ke3 f5 44. Rd4 1/2-1/2

[Event "CZE-chT2B 1112"]
[Site "Czech Republic"]
[Date "2012.02.19"]
[Round "8.6"]
[White "Cenkovic, Tomas"]
[Black "Chochol, Libor"]
[Result "0-1"]
[WhiteElo "2077"]
[BlackElo "2150"]
[PlyCount "64"]
[EventDate "2011.10.09"]
[EventType "team-tourn"]
[EventRounds "11"]
[EventCountry "CZE"]
[SourceTitle "EXT 2013"]
[Source "ChessBase"]
[SourceDate "2012.11.22"]
[SourceVersion "1"]
[SourceVersionDate "2012.11.22"]
[SourceQuality "1"]
[WhiteTeam "Most Marty"]
[BlackTeam "Usti nad Labem"]
[WhiteTeamCountry "CZE"]
[BlackTeamCountry "CZE"]

1. e4 c5 2. Nc3 e6 3. g3 Nc6 4. Bg2 Nf6 5. f4 d6 6. d3 Be7 7. Nf3 Qc7 8. 0-0 0-0 9. h3 Rb8 10. Ne2 b5 11. g4 Ne8 12. f5 Ne5 13. Nxe5 dxe5 14. Ng3 Bh4 15. Rf3 Qe7 16. Be3 Bg5 17. Qd2 Bxe3+ 18. Qxe3 Rb6 19. Raf1 f6 20. h4 b4 21. g5 exf5 22. Nxf5 Qc7 23. h5 Ra6 24. h6 g6 25. Rg3 Rxa2 26. Nh4 Ra6 27. b3 Qd6 28. Qd2 fxg5 29. Rxg5 Rxf1+ 30. Bxf1 Qf6 31. Qg2 Bh3 32. Rxg6+ Qxg6 0-1

[Event "CZE-chT2B 1112"]
[Site "Czech Republic"]
[Date "2012.02.05"]
[Round "7.5"]
[White "Palas, Ales"]
[Black "Chochol, Libor"]
[Result "1/2-1/2"]
[WhiteElo "2043"]
[BlackElo "2150"]
[PlyCount "78"]
[EventDate "2011.10.09"]
[EventType "team-tourn"]
[EventRounds "11"]
[EventCountry "CZE"]
[SourceTitle "EXT 2013"]
[Source "ChessBase"]
[SourceDate "2012.11.22"]
[SourceVersion "1"]
[SourceVersionDate "2012.11.22"]
[SourceQuality "1"]
[WhiteTeam "Kralupy nad Vltavou"]
[BlackTeam "Usti nad Labem"]
[WhiteTeamCountry "CZE"]
[BlackTeamCountry "CZE"]

1. e4 c5 2. Nf3 e6 3. Nc3 a6 4. d4 cxd4 5. Nxd4 Qc7 6. Bd3 Nf6 7. 0-0 Be7 8. Kh1 Nc6 9. Be3 0-0 10. f4 d6 11. Qf3 Ne8 12. e5 f5 13. exf6 Nxf6 14. Ne4 Nd5 15. Nxc6 bxc6 16. Bd2 e5 17. Qh5 g6 18. Qh6 Nxf4 19. Bxf4 exf4 20. Rxf4 Bf5 21. Raf1 Bxe4 22. Bxe4 Rxf4 23. Rxf4 Bf8 24. Qh3 Re8 25. g3 d5 26. Bd3 Qb7 27. b3 Qg7 28. Rf1 a5 29. a4 Bc5 30. Qg4 Bd4 31. Qg5 Bc3 32. Qg4 Bd4 33. Qf4 Bc5 34. Qg4 Bd6 35. Qg5 Rf8 36. Rxf8+ Qxf8 37. Kg2 Kg7 38. Qg4 Qe8 39. Qe2 Qxe2+ 1/2-1/2

[Event "CZE-chT2B 1112"]
[Site "Czech Republic"]
[Date "2012.01.22"]
[Round "6.4"]
[White "Hadraba, Vladimir"]
[Black "Chochol, Libor"]
[Result "1-0"]
[WhiteElo "2225"]
[BlackElo "2150"]
[PlyCount "59"]
[EventDate "2011.10.09"]
[EventType "team-tourn"]
[EventRounds "11"]
[EventCountry "CZE"]
[SourceTitle "EXT 2013"]
[Source "ChessBase"]
[SourceDate "2012.11.22"]
[SourceVersion "1"]
[SourceVersionDate "2012.11.22"]
[SourceQuality "1"]
[WhiteTeam "Teplice"]
[BlackTeam "Usti nad Labem"]
[WhiteTeamCountry "CZE"]
[BlackTeamCountry "CZE"]

1. e4 c5 2. Nf3 e6 3. d4 cxd4 4. Nxd4 Qb6 5. Nb3 Nc6 6. Nc3 Nf6 7. Be3 Qc7 8. a3 Be7 9. f4 d6 10. Bd3 h5 11. Qf3 g5 12. fxg5 Ne5 13. Qe2 Nfg4 14. Bb5+ Bd7 15. Bd2 Ng6 16. Bxd7+ Qxd7 17. 0-0-0 0-0-0 18. h3 N4e5 19. Be3 Kb8 20. Rhf1 Rc8 21. Kb1 Qd8 22. Qb5 Qc7 23. Qa4 b6 24. Nb5 Qd7 25. Rd4 Rc6 26. Rfd1 Rhc8 27. Nxd6 Qc7 28. Nxc8 Qxc8 29. Qb5 Bc5 30. Rd8 1-0

[Event "CZE-chT2B 1112"]
[Site "Czech Republic"]
[Date "2011.12.04"]
[Round "4.6"]
[White "Vojtech, Jaroslav"]
[Black "Chochol, Libor"]
[Result "0-1"]
[WhiteElo "2091"]
[BlackElo "2150"]
[PlyCount "46"]
[EventDate "2011.10.09"]
[EventType "team-tourn"]
[EventRounds "11"]
[EventCountry "CZE"]
[SourceTitle "EXT 2013"]
[Source "ChessBase"]
[SourceDate "2012.11.22"]
[SourceVersion "1"]
[SourceVersionDate "2012.11.22"]
[SourceQuality "1"]
[WhiteTeam "Sokolov"]
[BlackTeam "Usti nad Labem"]
[WhiteTeamCountry "CZE"]
[BlackTeamCountry "CZE"]

1. e4 c5 2. Nf3 e6 3. d4 cxd4 4. Nxd4 Qb6 5. Nb3 Nc6 6. Nc3 Nf6 7. Be3 Qc7 8. a3 Be7 9. f4 d6 10. Bd3 h5 11. Qf3 a6 12. 0-0-0 Nd7 13. Qf2 b5 14. f5 Nde5 15. fxe6 fxe6 16. Rhf1 Bf6 17. Bxb5 Ng4 18. Bxc6+ Qxc6 19. Qg3 Nxe3 20. Qxe3 0-0 21. Qd3 Bd7 22. Qxd6 Qxd6 23. Rxd6 Bg5+ 0-1

[Event "CZE-chT2B 1112"]
[Site "Czech Republic"]
[Date "2011.11.20"]
[Round "3.3"]
[White "Paganik, Pavel"]
[Black "Chochol, Libor"]
[Result "1/2-1/2"]
[WhiteElo "2246"]
[BlackElo "2150"]
[PlyCount "107"]
[EventDate "2011.10.09"]
[EventType "team-tourn"]
[EventRounds "11"]
[EventCountry "CZE"]
[SourceTitle "EXT 2013"]
[Source "ChessBase"]
[SourceDate "2012.11.22"]
[SourceVersion "1"]
[SourceVersionDate "2012.11.22"]
[SourceQuality "1"]
[WhiteTeam "Most Chess"]
[BlackTeam "Usti nad Labem"]
[WhiteTeamCountry "CZE"]
[BlackTeamCountry "CZE"]

1. d4 Nf6 2. Nf3 g6 3. g3 Bg7 4. Bg2 0-0 5. 0-0 d5 6. Ne5 Ne8 7. c3 c6 8. Nd2 f6 9. Nd3 Kh8 10. e4 e6 11. Qe2 b6 12. e5 f5 13. Nf3 a5 14. Bg5 Qc7 15. Qe3 Ba6 16. Rfd1 Bxd3 17. Rxd3 Ra7 18. Rc1 Na6 19. a3 Qd7 20. c4 dxc4 21. Rxc4 Nec7 22. Qc1 Nb8 23. h4 Nd5 24. Ne1 Rc7 25. Bf3 Qf7 26. Ng2 Rfc8 27. Be3 Bf8 28. Rc2 Qg7 29. Bg5 Qf7 30. Nf4 h6 31. Nxd5 cxd5 32. Bf6+ Kh7 33. Rdc3 Rxc3 34. Rxc3 Rxc3 35. Qxc3 Qd7 36. Be2 Qc6 37. a4 Bb4 38. Qd3 Nd7 39. h5 Nxf6 40. exf6 Qc1+ 41. Kg2 Qg5 42. f7 Qf6 43. hxg6+ Kxg6 44. Qb5 Qxf7 45. Qxb6 Qe7 46. Qb8 Qf8 47. Qe5 Qd6 48. Qh8 Qf8 49. Qe5 Qd6 50. Qe3 Kg7 51. Bh5 Qe7 52. Qe5+ Qf6 53. Qc7+ Qe7 54. Qe5+ 1/2-1/2

[Event "CZE-chT2B 1011"]
[Site "Czech Republic"]
[Date "2011.01.23"]
[Round "6.2"]
[White "Chochol, Libor"]
[Black "Buchcar, Tomas"]
[Result "1-0"]
[WhiteElo "2143"]
[BlackElo "2122"]
[PlyCount "97"]
[EventDate "2010.10.17"]
[EventType "team-tourn"]
[EventRounds "11"]
[EventCountry "CZE"]
[SourceTitle "EXT 2012"]
[Source "ChessBase"]
[SourceDate "2011.11.24"]
[SourceVersion "1"]
[SourceVersionDate "2011.11.24"]
[SourceQuality "1"]
[WhiteTeam "Usti nad Labem"]
[BlackTeam "Lipa"]
[WhiteTeamCountry "CZE"]
[BlackTeamCountry "CZE"]

1. d4 Nf6 2. Nf3 e6 3. g3 c5 4. Bg2 Nc6 5. 0-0 b6 6. b3 Bb7 7. Bb2 Nxd4 8. Nxd4 Bxg2 9. Kxg2 cxd4 10. Qxd4 Qc7 11. c4 Qc6+ 12. f3 h5 13. e4 Bc5 14. Qd3 0-0-0 15. Nd2 h4 16. Bc3 hxg3 17. hxg3 d5 18. cxd5 exd5 19. Bxf6 Qxf6 20. Qc2 Qe6 21. Rh1 Kb8 22. Rae1 Rxh1 23. Rxh1 f5 24. Qd3 Re8 25. Re1 fxe4 26. fxe4 Rh8 27. Qxd5 Qh3+ 28. Kf3 Rf8+ 29. Ke2 Qg4+ 30. Kd3 Qxg3+ 31. Ke2 Kc7 32. Rc1 Qf2+ 33. Kd1 Rd8 34. Qe5+ Kc6 35. Qg5 Qf1+ 36. Kc2 Qd3+ 37. Kd1 Rf8 38. Qg2 Kb7 39. Rxc5 Qd4 40. Rd5 Qa1+ 41. Ke2 Rf7 42. e5 Ka6 43. Qg4 Rc7 44. Qa4+ Kb7 45. Qe4 Ka6 46. Rd7 Rc5 47. Qa4+ Ra5 48. Qc4+ Rb5 49. Qc8+ 1-0

[Event "CZE-chT2B 1011"]
[Site "Czech Republic"]
[Date "2010.10.17"]
[Round "1.2"]
[White "Chochol, Libor"]
[Black "Soukup, Jiri"]
[Result "0-1"]
[WhiteElo "2143"]
[BlackElo "2303"]
[PlyCount "64"]
[EventDate "2010.10.17"]
[EventType "team-tourn"]
[EventRounds "11"]
[EventCountry "CZE"]
[SourceTitle "EXT 2012"]
[Source "ChessBase"]
[SourceDate "2011.11.24"]
[SourceVersion "1"]
[SourceVersionDate "2011.11.24"]
[SourceQuality "1"]
[WhiteTeam "Usti nad Labem"]
[BlackTeam "Karlovy Vary"]
[WhiteTeamCountry "CZE"]
[BlackTeamCountry "CZE"]

1. d4 f5 2. g3 Nf6 3. Bg2 g6 4. c4 Bg7 5. Nc3 0-0 6. Bg5 c6 7. Qd2 d6 8. Rd1 Qe8 9. d5 Na6 10. Nh3 Bd7 11. 0-0 Rd8 12. Qe3 Ra8 13. a3 h6 14. Bxf6 Rxf6 15. b4 Nc7 16. Qd3 g5 17. f4 Qh5 18. e3 Kh8 19. Nf2 e5 20. dxe6 Rxe6 21. e4 gxf4 22. gxf4 Rg6 23. Nh1 fxe4 24. Nxe4 Rxg2+ 25. Kxg2 Rg8 26. Nhg3 Qh3+ 27. Kh1 d5 28. Nf2 Qh4 29. Nf5 Bxf5 30. Qxf5 dxc4 31. Rd7 Nd5 32. Ng4 Qh3 0-1

[Event "CZE-chT2B 0910"]
[Site "Czech Republic"]
[Date "2010.03.28"]
[Round "10.5"]
[White "Chochol, Libor"]
[Black "Pick, Stepan"]
[Result "1/2-1/2"]
[WhiteElo "2182"]
[BlackElo "2132"]
[PlyCount "107"]
[EventDate "2009.10.18"]
[EventType "team-tourn"]
[EventRounds "11"]
[EventCountry "CZE"]
[SourceTitle "EXT 2012"]
[Source "ChessBase"]
[SourceDate "2011.11.24"]
[SourceVersion "1"]
[SourceVersionDate "2011.11.24"]
[SourceQuality "1"]
[WhiteTeam "Usti nad Labem"]
[BlackTeam "Pankrac II"]
[WhiteTeamCountry "CZE"]
[BlackTeamCountry "CZE"]

1. d4 f5 2. e4 fxe4 3. Nc3 Nf6 4. Bg5 Nc6 5. d5 Ne5 6. Qd4 Nf7 7. Bxf6 gxf6 8. Nxe4 c6 9. c4 f5 10. Nc3 e5 11. Qd2 Bh6 12. Qc2 d6 13. c5 0-0 14. cxd6 cxd5 15. Nxd5 Qa5+ 16. Nc3 Nxd6 17. Rd1 Ne4 18. Bc4+ Kh8 19. Nf3 Nxc3 20. bxc3 Qc7 21. Bb3 Bd7 22. 0-0 Bc6 23. Bd5 Bg7 24. Ng5 Bxd5 25. Rxd5 Qe7 26. Nh3 Rad8 27. Rxd8 Qxd8 28. Rd1 Qe7 29. c4 Rd8 30. Rd5 Rxd5 31. cxd5 Qd7 32. Ng5 h6 33. Ne6 Qxd5 34. Qc8+ Kh7 35. h4 e4 36. Qe8 e3 37. fxe3 Qd1+ 38. Kh2 Be5+ 39. Nf4 Qd6 40. Qf7+ Kh8 41. Qxf5 b5 42. Kh3 Bxf4 43. exf4 b4 44. g3 Kg7 45. Qe4 a5 46. h5 a4 47. Qb7+ Kg8 48. Qa8+ Kg7 49. Qa7+ Kg8 50. Qxa4 Qe6+ 51. Kh4 Qe7+ 52. Kg4 Qe2+ 53. Kf5 Qxh5+ 54. Ke4 1/2-1/2